| 000 | 00600nam a22001697a 4500 | ||
|---|---|---|---|
| 003 | OSt | ||
| 005 | 20241105143032.0 | ||
| 008 | 241105b |||||||| |||| 00| 0 eng d | ||
| 040 | _c0 | ||
| 082 | _aDPer050 M72 January-March 2018 v. 66 no. 8-10 | ||
| 100 |
_aTirol, Luzviminda P. _eauthor. _963621 |
||
| 245 |
_aBanghay-aralin sa Filipino baitang 1 gamitan ang pamaraang marungko / _cLuzviminda P. Tirol. |
||
| 260 |
_aManila, Philippines ; _bIn the Grade School, Inc, _cDecember 2018. |
||
| 300 | _aVolume 66, pages 278-279. | ||
| 700 |
_aTirol, Luzviminda P. _eauthor. _962117 |
||
| 942 |
_2ddc _cPER |
||
| 999 |
_c23017 _d23017 |
||